000 01040nam a22002297a 4500
005 20200104041730.0
008 150701b2007 ck ||||| |||| 00| 0 spa d
040 _aCO-BoIAVH
_cCO-BoIAVH
041 _aspa
044 _ack
090 _aAR
_b01894
100 1 _aJarvis, Andrew
_95091
245 1 4 _aThe Soils of Serranía de los Churumbelos/
_cAndrew Jarvis
260 3 _aBogotá:
_bProAves,
_c2007.
300 _aAño 2007, Nro 3, Agosto, Pag. 82-83
520 _aLas espectaculares formaciones geológicas, combinadas con la compleja topografía de la Serranía de los Churumbelos, producen condiciones ideales para una alta variedad espacial de las propiedades del suelo lo que puede explicar la extensa regionalización de los ecosistemas.
650 4 _aCobertura de suelos
_zRegión Andina
_zColombia
_935106
650 4 _aEcología de suelos
_zRegión Andina
_zColombia
_935107
650 4 _aSuelos
_9287
773 0 _dBogotá : Fundación ProAves, 2006-
_o038447
_tRevista Conservación Colombiana
_x19001592
942 _2z
_cARTICULO
999 _c17511
_d17511